सिविल सेवा मुख्य परीक्षा समाजशास्त्रः (Record no. 63945)
[ view plain ]
| 000 -LEADER | |
|---|---|
| fixed length control field | 01148nam a22002177a 4500 |
| 005 - DATE AND TIME OF LATEST TRANSACTION | |
| control field | 20120310104450.0 |
| 008 - FIXED-LENGTH DATA ELEMENTS--GENERAL INFORMATION | |
| fixed length control field | 100209t xxu||||| |||| 00| 0 hin d |
| 020 ## - INTERNATIONAL STANDARD BOOK NUMBER | |
| Terms of availability | 80.00 |
| 035 ## - SYSTEM CONTROL NUMBER | |
| System control number | B-179933 |
| 037 ## - SOURCE OF ACQUISITION | |
| Stock number | |
| Source of stock number/acquisition | वितरक |
| 040 ## - CATALOGING SOURCE | |
| Original cataloging agency | dpl |
| Language of cataloging | Hindi |
| 082 ## - DEWEY DECIMAL CLASSIFICATION NUMBER | |
| Classification number | 301 |
| 245 ## - TITLE STATEMENT | |
| Title | सिविल सेवा मुख्य परीक्षा समाजशास्त्रः |
| Statement of responsibility, etc | एन.एन. ओझा द्वारा संपादित |
| Remainder of title | प्रश्नोत्तर रुप में / |
| 260 ## - PUBLICATION, DISTRIBUTION, ETC. (IMPRINT) | |
| Place of publication, distribution, etc | नोएडा |
| Name of publisher, distributor, etc | क्रानिकल बुक्स |
| Date of publication, distribution, etc | 2005 |
| 270 ## - ADDRESS | |
| Address | ए-26, सेक्टर-2, |
| City | नोएडा |
| Postal code | 201301 |
| 300 ## - PHYSICAL DESCRIPTION | |
| Extent | वि.पृ. |
| Dimensions | 24सेमी.(अजिल्द) |
| 700 ## - ADDED ENTRY--PERSONAL NAME | |
| Personal name | ओझा, एन.एन. |
| 9 (RLIN) | 43683 |
| 942 ## - ADDED ENTRY ELEMENTS (KOHA) | |
| Source of classification or shelving scheme | Dewey Decimal Classification |
| Item type | Hindi Books |
| Call number suffix | सिविल |
| Classification part | 301 |
| Withdrawn status | Lost status | Source of classification or shelving scheme | Damaged status | Not for loan | Collection code | Home library | Current library | Date acquired | Cost, normal purchase price | Total Checkouts | Full call number | Barcode | Date last seen | Cost, replacement price | Koha item type |
|---|---|---|---|---|---|---|---|---|---|---|---|---|---|---|---|
| Dewey Decimal Classification | Non-fiction | Sarojini Nagar | Sarojini Nagar | 10/03/2012 | 80.00 | 301 सिविल | B-179933 | 10/03/2012 | 80.00 | Hindi Books |
